It looks like you're offline.
Open Library logo
additional options menu

MARC record from Internet Archive

LEADER: 00864cam a22002653a 4500
001 2004301833
003 DLC
005 20060622152742.0
008 040817s2002 enk 001 0 eng
010 $a 2004301833
015 $aGBA3-73934
020 $a080774283X
035 $a(OCoLC)ocm53242226
040 $aUKM$cUKM$dOCLCQ$dDLC
043 $an-us---
050 00 $aMLCM 2006/11329
082 04 $a373.180973$221
245 00 $aTurning points 2000 study guide /$cedited by Anthony W. Jackson and Gayle A. Davis.
260 $aNew York ;$a[Great Britain] :$bTeachers College Press,$cc2002.
300 $aviii, 24 p. ;$c25 cm.
650 0 $aTeenagers$xEducation$zUnited States.
650 0 $aMiddle school students$zUnited States.
650 0 $aSchool improvement programs$zUnited States.
700 1 $aDavis, Gayle Andrews.
700 1 $aJackson, Anthony$q(Anthony Wells)